Lingüística general: teoría y descripción
Saved in:
| Hovedforfatter: | |
|---|---|
| Format: | Bog |
| Sprog: | spansk |
| Udgivet: |
Madrid
Gredos
1977
|
| Serier: | Biblioteca Románica Hispánica. II, Estudios y Ensayos, 246
|
| Fag: | |
| Tags: |
Tilføj Tag
Ingen Tags, Vær først til at tagge denne postø!
|
MARC
| LEADER | 00000nam a2200000 a 4500 | ||
|---|---|---|---|
| 001 | UCQ6021 | ||
| 003 | CL-VaPUC | ||
| 008 | 981009e19770000SP |||||||||||||||||spa|d | ||
| 082 | 0 | 4 | |a 410 |b POT |2 21 |
| 100 | 0 | |a Pottier, Bernard |e author |9 419963 | |
| 245 | 1 | 0 | |a Lingüística general: teoría y descripción |
| 300 | |a 426 p | ||
| 942 | |c BK | ||
| 945 | |d 19981009 00:00:00 |a cmena | ||
| 260 | |a Madrid |b Gredos |c 1977 | ||
| 650 | 0 | |a Lingüística |9 265068 | |
| 650 | 0 | |a Comunicación lingüística |9 390198 | |
| 650 | 0 | |a Sintaxis |9 318843 | |
| 650 | 0 | |a Filosofía del lenguaje |9 257082 | |
| 650 | 7 | |a TEORIA LINGUISTICA |2 CL-VaPUC |9 334835 | |
| 583 | |a last modification |c 19981009 00:00:00 |k Rodrigo Vera | ||
| 490 | 0 | |a Biblioteca Románica Hispánica. II, Estudios y Ensayos, 246 | |
| 999 | |c 276024 |d 276022 | ||
| 952 | |0 0 |1 0 |4 0 |6 410_000000000000000_POT_1977 |7 0 |8 A |9 313125 |a FDOPOS |b FDOPOS |d 2019-11-20 |i 1464957 |l 2 |o 410 POT 1977 |p 1464957 |r 2025-01-22 |s 2022-06-01 |w 2019-11-20 |y BK |k MLA | ||
| 952 | |0 0 |1 0 |4 0 |6 410_000000000000000_POT_1977 |7 0 |8 A |9 313126 |a FDOPOS |b FDOPOS |d 2019-11-20 |i 3688070 |o 410 POT 1977 |p 3688070 |r 2025-01-22 |w 2019-11-20 |y BK |k MLA | ||